• 首页
  • 本馆介绍
  • 公告通知
  • 最新文献
  • 馆藏检索
  • 电子资源
  • 读者导购
  • 参考咨询
  • 我的图书馆
  • 登录
  • 详细信息显示
  • 放入我的书架
  • 预约/预借图书
  • 作者相关作品
  • 分类相关作品
  • 丛书相关作品
  • 出版社相关作品

书目信息

  • 表格格式
  • 工作单格式
  • 卡片格式
题名:
中国近三百年哲学史
    
 
作者: 蒋维乔 原著 ;许军校 编译
分册:  
出版信息: 北京   时事出版社  2018
页数: 272页
开本: 23cm
丛书名:
单 册:
中图分类: B249 , B25
科图分类:
主题词: 哲学史--中国--清代 , 哲学史--中国--近代
电子资源:
ISBN: 978-7-5195-0143-3
000 01003nam0 2200277 450
001 012001012099
005 20140103165950.0
010    @a978-7-5195-0143-3@dCNY39.80
100    @a20181129d2018 em y0chiy50 ea
101 0  @achi
102    @aCN@b110000
105    @ay z 000yy
106    @ar
200 1  @a中国近三百年哲学史@9zhong guo jin san bai nian zhe xue shi@f蒋维乔原著@g许军校编译
210    @a北京@c时事出版社@d2018
215    @a272页@d23cm
300    @a白话文翻译注释版
330    @a本书是蒋维乔在光华大学教授中国哲学史时的讲义。叙述清初至民国初年近三百年哲学思想的演变,分为“复演古来学术时期”和“吸收外来思想时期”两大部分,上自顾炎武、下到王国维,论述每一时期中各派哲学观点,并列举各家学说著作,进行比较研究。。
606 0  @a哲学史@y中国@z清代
606 0  @a哲学史@y中国@z近代
690    @aB249@v5
690    @aB25@v5
701  0 @a蒋维乔@9jiang wei qiao@4原著
702  0 @a许军校@9xu jun xiao@4编译
801  0 @aCN@b上海新华@c20191020
905    @b1139417-20@dB249@e77@f4
    
    中国近三百年哲学史/蒋维乔原著/许军校编译.-北京:时事出版社,2018
    272页;23cm
    白话文翻译注释版
    
    ISBN 978-7-5195-0143-3:CNY39.80
    本书是蒋维乔在光华大学教授中国哲学史时的讲义。叙述清初至民国初年近三百年哲学思想的演变,分为“复演古来学术时期”和“吸收外来思想时期”两大部分,上自顾炎武、下到王国维,论述每一时期中各派哲学观点,并列举各家学说著作,进行比较研究。。
●
相关链接 在E读中查询图书 在五车中查询图书 在当当中查询图书 在豆瓣中查询图书


正题名:中国近三百年哲学史     索取号:B249/77         预约/预借

序号 登录号 条形码 馆藏地/架位号 状态 备注
1 1139417   211394178   第一样本阅览室/ [索取号:B249/77] 在馆    
2 1139418   211394187   第一借阅区/ [索取号:B249/77] 在馆    
3 1139419   211394196   第一借阅区/ [索取号:B249/77] 在馆    
4 1139420   211394203   第一借阅区/ [索取号:B249/77] 在馆    
唐山师范学院图书馆 欢迎您!
大连网信软件有限公司© 版权所有